000 00463nam a2200133Ia 4500
008 100328s9999 xx 000 0 und d
082 _b30743
100 _aलिमये बाबा
245 _aअगा जे घडलेचि नाही
260 _bमॅजेस्टिक बुक स्टॉल
630 _aअगा जे घडलेचि नाही
730 _aअगा जे घडलेचि नाही
942 _cBOOK
999 _c521708
_d521705